000
00367nam a2200133Ia 4500
008
151001s9999||||xx |||||||||||||| ||und||
100
_a
सुधाकर नारायण लक्ष्मी
245
_a
उत्पीडन की यात्रा
250
_a
1
260
_b
कंचन
260
_c
2004
300
_a
63
365
_b
21
999
_c
989297
_d
989294